| 000 | 01268cam a2200361 a 4500 | ||
|---|---|---|---|
| 001 | 11923118 | ||
| 003 | OSt | ||
| 005 | 20180116192416.0 | ||
| 008 | 000225s1999 enkab b 001 0 eng d | ||
| 010 | _a 00551245 | ||
| 015 | _aGB99-45791 | ||
| 020 | _a1857286944 (hb) | ||
| 020 | _a1857287533 (pbk.) | ||
| 035 | _a(OCoLC)ocm41582686 | ||
| 040 |
_aUKM _cUKM _dIXA _dDLC |
||
| 042 | _alccopycat | ||
| 050 | 0 | 0 |
_aGN799.S43 _bB78 1999 |
| 082 | _a930.1 | ||
| 100 | 1 |
_aBrück, Joanna. _96716 |
|
| 245 | 1 | 0 |
_aMaking places in the prehistoric world : _bthemes in settlement archaeology / _cJoanna Brück and Melissa Goodman. |
| 260 |
_aLondon : _bRoutledge, _c1999. |
||
| 300 |
_axvi, 221 p. : _bill., maps ; _c24 cm. |
||
| 504 | _aIncludes bibliographical references and index. | ||
| 650 | 0 |
_aLand settlement patterns, Prehistoric. _96717 |
|
| 650 | 0 |
_aHuman settlements. _96718 |
|
| 650 | 0 |
_aSocial archaeology. _96719 |
|
| 650 | 0 |
_aDemographic archaeology. _96720 |
|
| 700 | 1 |
_aGoodman, Melissa. _96721 |
|
| 906 |
_a7 _bcbc _ccopycat _d2 _encip _f20 _gy-gencatlg |
||
| 942 |
_2ddc _cBK |
||
| 999 |
_c353740 _d353740 |
||